000 00728nam a2200229Ia 4500
001 16704
003 GE_BSU
008 181216s||||||||xx |||||||||||||| ||und||
040 _cGE_BSU
080 _a892.71-31
100 _aილფი, ი.
245 _aთორმეტი სკამი. ოქროს კერპი.
245 _bრომანები
245 _cმთარგმნ.: რ. კობიძე
260 _aთბილისი
260 _bსაბჭ. საქართველო
260 _c1964
300 _a622გვ. ; 22სმ
653 _aთორმეტი სკამი ; ოქროს კერპი
653 _aრომანები
942 _cBK
999 _c49769
_d49769